| 000 | 01056nam a2200277 a 4500 | ||
|---|---|---|---|
| 001 | ebr10626255 | ||
| 003 | CaPaEBR | ||
| 006 | m u | ||
| 007 | cr cn||||||||| | ||
| 008 | 121129s2013 inu sf 001 0 eng d | ||
| 020 | _z9781118418642 | ||
| 020 | _z9781118491652 (e-book) | ||
| 040 |
_aCaPaEBR _cCaPaEBR |
||
| 035 | _a(OCoLC)823728561 | ||
| 050 | 1 | 4 |
_aQA76.76.W56 _bW45 2013eb |
| 100 | 1 | _aWhitney, Lance. | |
| 245 | 1 | 0 |
_aWindows 8 five minutes at a time _h[electronic resource] / _cLance Whitney. |
| 260 |
_aIndianapolis, Ind. : _bWiley, _c2013. |
||
| 300 | _a368 p. | ||
| 500 | _aIncludes index. | ||
| 533 |
_aElectronic reproduction. _bPalo Alto, Calif. : _cebrary, _d2011. _nAvailable via World Wide Web. _nAccess may be limited to ebrary affiliated libraries. |
||
| 650 | 0 |
_aWindows (Computer programs) _vHandbooks, manuals, etc. |
|
| 655 | 7 |
_aElectronic books. _2local |
|
| 710 | 2 | _aebrary, Inc. | |
| 856 | 4 | 0 |
_uhttp://site.ebrary.com/lib/rucke/Doc?id=10626255 _zAn electronic book accessible through the World Wide Web; click to view |
| 999 |
_c67560 _d67560 |
||